Marlene Dietrich /

Uloženo v:
Podrobná bibliografie
Hlavní autor: Silver, Charles, (1940-2016) (Autor)
Další autoři: Sennett, Ted
Médium: Kniha
Jazyk:italština
Vydáno: [Milano] : Milano Libri, 1983
Edice:Storia illustrata del cinema
Témata:
Tagy: Přidat tag
Žádné tagy, Buďte první, kdo vytvoří štítek k tomuto záznamu!

MARC

LEADER 00000nam a22000007i 4500
001 IT\ICCU\PAL\0042971
003 ItRI
005 20240910101948.0
008 920630s1983 it |||||| ||||| |||||c
040 |b ita  |c CDM 
041 7 |a ita  |2 ISO-639-2 
082 |a 927.92  |2 18 
100 1 |a Silver, Charles,  |d  (1940-2016)  |0 IT\ICCU\PALV\028227  |4 aut 
240 1 0 |a Marlene Dietrich. - 
245 1 0 |a Marlene Dietrich /  |c di Charles Silver ; a cura di Ted Sennett. 
246 1 3 |a Marlene Dietrich 
260 |a [Milano] :  |b Milano Libri,  |c 1983 
300 |a 159 p. :  |b ill. ;  |c 19 cm 
500 |a Trad. di Carlo Oliva. 
650 7 |a Dietrich, Marlene 
700 1 |a Sennett, Ted  |0 IT\ICCU\CFIV\093451 
830 0 |a Storia illustrata del cinema  |0 IT\ICCU\CFI\0162592 
942 |2 ddc  |c BK 
952 |0 0  |1 0  |2 ddc  |4 0  |6 927_920000000000000_SIL_MAR  |7 1  |9 1917  |a RA  |b RA  |d 2024-09-10  |l 0  |o 927.92 SIL MAR  |p 9515  |r 2024-09-10 10:20:32  |w 2024-09-10  |y BK  |z Donazione di Pietro Brentini 
981 1 |6 z01  |a i   |b xxxe  
982 1 |6 z01  |a n 
999 |c 1696  |d 1696